Catálogo público

Los orígenes del hombre americano (Record no. 49215)

MARC details
000 -CABECERA
campo de control de longitud fija 01271cam a22003497a 4500
003 - IDENTIFICADOR DEL NÚMERO DE CONTROL
campo de control CHAP
005 - FECHA Y HORA DE LA ÚLTIMA TRANSACCIÓN
campo de control 20220329140240.0
008 - DATOS DE LONGITUD FIJA--INFORMACIÓN GENERAL
campo de control de longitud fija 971013c19741960 r 00010 d
010 ## - NÚMERO DE CONTROL DE LA BIBLIOTECA DEL CONGRESO
Número de control de LC 49215
011 ## - ENLACE DEL NUMERO DE CONTROL DE LA BIBLIOTECA DEL CONGRESO [OBSOLETO]
Número de control de LC 50187
035 ## - NÚMERO DE CONTROL DEL SISTEMA
Número de control de sistema 54337
040 ## - FUENTE DE LA CATALOGACIÓN
Centro/agencia transcriptor CHAP
082 ## - NÚMERO DE LA CLASIFICACIÓN DECIMAL DEWEY
Número de clasificación 573.2
Número de documento/Ítem R5Y 1957
100 00 - ENTRADA PRINCIPAL--NOMBRE DE PERSONA
Nombre de persona Rivet, Paul.
9 (RLIN) 97805
245 14 - MENCIÓN DE TÍTULO
Título Los orígenes del hombre americano
260 ## - PUBLICACIÓN, DISTRIBUCIÓN, ETC.
Lugar de publicación, distribución, etc. México, D. F. :
Nombre del editor, distribuidor, etc. Fondo de Cultura Económica,
Fecha de publicación, distribución, etc. 1974 (c.1960)
300 ## - DESCRIPCIÓN FÍSICA
Extensión 198 p.
Otras características físicas : láms.
490 #0 - MENCIÓN DE SERIE
Mención de serie Colección popular
Designación de volumen o secuencia ; 20
500 ## - NOTA GENERAL
Nota general Trad. de la 2 ed. en francés de 1957
590 ## - NOTA LOCAL (RLIN)
Nota local BATCH-UPD
Procedencia (VM) [OBSOLETO] 10
Condición del los carretes individuales (VM) [OBSOLETO] 20130110
-- UCH01
-- 0526
590 ## - NOTA LOCAL (RLIN)
Nota local BATCH-UPD
Procedencia (VM) [OBSOLETO] 10
Condición del los carretes individuales (VM) [OBSOLETO] 20130410
-- UCH01
-- 0206
590 ## - NOTA LOCAL (RLIN)
Nota local BATCH-UPD
Procedencia (VM) [OBSOLETO] 10
Condición del los carretes individuales (VM) [OBSOLETO] 20130914
-- UCH01
-- 1005
590 ## - NOTA LOCAL (RLIN)
Nota local CONVERSION
Procedencia (VM) [OBSOLETO] 10
Condición del los carretes individuales (VM) [OBSOLETO] 20130109
-- UCH01
-- 1327
650 14 - PUNTO DE ACCESO ADICIONAL DE MATERIA--TÉRMINO DE MATERIA
Término de materia o nombre geográfico como elemento de entrada Hombre
Subdivisión general Origen.
9 (RLIN) 56042
830 0# - PUNTO DE ACCESO ADICIONAL DE SERIE-TÍTULO UNIFORME
Título uniforme Colección popular
Designación de volumen o secuencia ; 20
9 (RLIN) 24953
901 ## - ELEMENTOS DE DATOS A LOCAL LDA (RLIN)
a BK
942 ## - ELEMENTOS DE PUNTO DE ACCESO ADICIONAL (KOHA)
Tipo de ítem Koha Libro
949 ## - PROCESAMIENTO DE INFORMACIÓN LOCAL (OCLC)
a 573.2 R5Y 1957
b BC
c LIBRO
d -119967
e LIBRO
h 40247
i 54337
s i
t 50.00
949 ## - PROCESAMIENTO DE INFORMACIÓN LOCAL (OCLC)
a 573.2 R5Y 1957
b BC
c LIBRO
d -119968
e LIBRO
f c.2
h 40248
i 54337
s i
t 50.00
949 ## - PROCESAMIENTO DE INFORMACIÓN LOCAL (OCLC)
a 573.2 R5Y 1957
b BC
c LIBRO
d 33724000240958
e LIBRO
f c.3
h 69976
i 54337
s i
t 50.00
949 ## - PROCESAMIENTO DE INFORMACIÓN LOCAL (OCLC)
a 573.2 R5Y 1957
b BC
c LIBRO
d 33724000240966
e LIBRO
f c.4
g I. c/e
h 78358
i 54337
s i
t 5.20
Holdings
Estado de retiro Estado de pérdida Fuente del sistema de clasificación o colocación Estado dañado Restricciones de uso No para préstamo Código de colección Localización permanente Ubicación/localización actual Ubicación en estantería Fecha de adquisición Fuente de adquisición Información codificada de la localización en otra ubicación Total de préstamos Signatura topográfica completa Código de barras Fecha visto por última vez Precio válido a partir de Tipo de ítem Koha Número de copia
    Dewey Decimal Classification   Préstamo 15 días   General Biblioteca Central Biblioteca Central Planta alta - Colección General 31/12/2019 I. c/e LIBRO   573.2 R5Y 1957 -119967 31/12/2019 31/12/2019 Libro  
    Dewey Decimal Classification   Préstamo 15 días   General Biblioteca Central Biblioteca Central Planta alta - Colección General 31/12/2019   LIBRO   573.2 R5Y 1957 -119968 31/12/2019 31/12/2019 Libro c.2
    Dewey Decimal Classification   Préstamo 15 días   General Biblioteca Central Biblioteca Central Planta alta - Colección General 31/12/2019   LIBRO   573.2 R5Y 1957 33724000240958 31/12/2019 31/12/2019 Libro c.3
    Dewey Decimal Classification   Préstamo 15 días   General Biblioteca Central Biblioteca Central Planta alta - Colección General 31/12/2019   LIBRO   573.2 R5Y 1957 33724000240966 31/12/2019 31/12/2019 Libro c.4